Score 0/73 Timer 02:00
0 Plays Today
♪ Magilla Gorilla ♪ - Lyrics % Correct
SUNG BY THE THEME SINGERS:
100%
THE LITTLE GIRL NAMED OGEE:
100%
SUNG BY THE THEME SINGERS:
100%
gorilla
86.3%
Gorilla
86.3%
Gorilla
86.3%
gorilla
86.3%
gorilla
86.3%
gorilla
86.3%
gorilla
86.3%
Gorilla,
86.3%
Gorilla
86.3%
Magilla
83.6%
Magilla
83.6%
Magilla
83.6%
a
80.1%
a
80.1%
a
80.1%
a
80.1%
the
75.3%
for
65.8%
for
65.8%
for
65.8%
for
65.8%
and
59.6%
is
59.6%
is
59.6%
sale,
56.2%
sale.
56.2%
sale.
56.2%
sale.
56.2%
in
52.7%
you…
50%
you
50%
you
50%
you
50%
got
45.2%
♪ Magilla Gorilla ♪ - Lyrics % Correct
that
43.8%
window?
43.8%
him,
42.5%
him
42.5%
him,
42.5%
We've
40.4%
How
38.4%
much
37%
buy
36.3%
Take
36.3%
Take
36.3%
try
31.5%
Won't
30.8%
home
30.8%
at
30.1%
can
29.5%
your
27.4%
like
27.4%
nice.
26%
want
24.7%
our
24.7%
any
24.7%
price;
24.7%
own,
21.9%
be
21.9%
all
21.9%
when
21.2%
advice,
21.2%
mighty
21.2%
call
20.5%
you're
19.2%
Don't
18.5%
with
16.4%
alone?
16.4%
little
14.4%
who'll
10.3%
Remove Ads.
Support Sporcle.
Get the best of Sporcle when you Go Orange. This ad-free experience offers more features, more stats, and more fun while also helping to support Sporcle. Thank you for becoming a member.

You're not logged in!

Compare scores with friends on all Sporcle quizzes.
OR
Log In

Show Comments

Extras

Top Quizzes Today


Score Distribution

Your Account Isn't Verified!

In order to create a playlist on Sporcle, you need to verify the email address you used during registration. Go to your Sporcle Settings to finish the process.

Report this User

Report this user for behavior that violates our Community Guidelines.

Details: